| 000 | 00339nam a2200145Ia 4500 | ||
|---|---|---|---|
| 008 | 230917s9999||||xx |||||||||||||| ||und|| | ||
| 040 |
_e48701 _aMAIN |
||
| 041 | _aEnglish | ||
| 082 | _a823.7 D555P | ||
| 100 | _aGrant, Allan | ||
| 245 | 2 | _aA preface to Dickens | |
| 260 |
_aLondon _bLongman _c1984 |
||
| 300 | _axii, 193 p. | ||
| 942 | _cBK | ||
| 999 |
_c48632 _d48632 |
||